Bayern München vs Norwich City (1993) - Statistiken

Allgemein
  • Dieses Quiz wurde 11 mal gespielt
  • Das Durchschnittsergebnis liegt bei 8 aus 27
Antwortstatistiken
Team Antwort % Korrekt
Bayern München Raimond Aumann
100%
Bayern München Lothar Matthäus
90%
Bayern München Adolfo Valencia
80%
Bayern München Erich Ribbeck
80%
Bayern München Christian Ziege
70%
Bayern München Mehmet Scholl
70%
Bayern München Thomas Helmer
70%
Bayern München Jan Wouters
60%
Bayern München Jorginho
60%
Bayern München Michael Sternkopf
40%
Bayern München Bruno Labbadia
30%
Bayern München Christian Nerlinger
30%
Bayern München Marcel Witeczek
10%
Bayern München Oliver Kreuzer
10%
Norwich City Bryan Gunn
0%
Norwich City Chris Sutton
0%
Norwich City Daryl Sutch
0%
Norwich City Ian Butterworth
0%
Norwich City Ian Crook
0%
Norwich City Ian Culverhouse
0%
Norwich City Jeremy Goss
0%
Norwich City Mark Bowen
0%
Norwich City Mark Robins
0%
Norwich City Mike Walker
0%
Norwich City Rob Newman
0%
Norwich City Ruel Fox
0%
Norwich City Spencer Prior
0%
Keine übereinstimmenden Quizze gefunden
Verteilung der Resultate
Anzahl Personen mit jedem Resultat
Perzentil nach korrekt beantworteten Fragen
Ihre Resultats-Entwicklung
Sie haben dieses Quiz noch nicht gespielt